Online
Catalog

Guerra Patria: (Record no. 54263)

MARC details
000 -CABECERA
campo de control de longitud fija 01467nam a2200265 i 4500
003 - IDENTIFICADOR DEL NÚMERO DE CONTROL
campo de control DO-SdBNP
005 - FECHA Y HORA DE LA ÚLTIMA TRANSACCIÓN
campo de control 20230801155924.0
006 - CÓDIGOS DE INFORMACIÓN DE LONGITUD FIJA--CARACTERÍSTICAS DEL MATERIAL ADICIONAL
campo de control de longitud fija a||||gr|||| 00| 0
007 - CAMPO FIJO DE DESCRIPCIÓN FÍSICA--INFORMACIÓN GENERAL
campo de control de longitud fija ta
008 - DATOS DE LONGITUD FIJA--INFORMACIÓN GENERAL
campo de control de longitud fija 230731e1985 dr aoc|| |||| 00| 0 spa d
040 ## - FUENTE DE LA CATALOGACIÓN
Centro catalogador/agencia de origen DO-SdBNP
Lengua de catalogación spa
Centro/agencia transcriptor BNPHU
Normas de descripción rda
082 #4 - NÚMERO DE LA CLASIFICACIÓN DECIMAL DEWEY
Número de edición 22
Número de documento/Ítem F385g
100 1# - ENTRADA PRINCIPAL--NOMBRE DE PERSONA
Nombre de persona Ferreras, Ramón Alberto,
Fechas asociadas al nombre 193?-1993
9 (RLIN) 28990
245 10 - MENCIÓN DE TÍTULO
Título Guerra Patria:
Resto del título Santo Domingo 28 de abril 1965, 1ro. de octubre 1966. /
Mención de responsabilidad, etc. Ramón alberto Ferreras; fotomecánica, Apolinar Javier Rodríguez.
260 ## - PUBLICACIÓN, DISTRIBUCIÓN, ETC.
Lugar de publicación, distribución, etc. 2a. edición avanzada
264 ## - PRODUCCIÓN, PUBLICACIÓN, DISTRIBUCIÓN, FABRICACIÓN Y COPYRIGHT
Producción, publicación, distribución, fabricación y copyright Santo Domingo :
Nombre del de productor, editor, distribuidor, fabricante Nordeste,
Fecha de producción, publicación, distribución, fabricación o copyright 1985
300 ## - DESCRIPCIÓN FÍSICA
Extensión 539, [37] páginas
Otras características físicas Ilustraciones, fotografías, retratos ;
Dimensiones 20 cm.
336 ## - TIPO DE CONTENIDO
Fuente rddacontent
Término de tipo de contenido texto
Código de tipo de contenido txt
337 ## - TIPO DE MEDIO
Fuente rdamedia
Nombre/término del tipo de medio sin medición
Código del tipo de medio n
338 ## - TIPO DE SOPORTE
Fuente rdacarrier
Nombre/término del tipo de soporte volumen
Código del tipo de soporte nc
505 ## - NOTA DE CONTENIDO CON FORMATO
Nota de contenido con formato Dedicatoria.-- Prólogo a la Segunda Edición.-- Prólogo a la Primera Edición.
Título Carta de Manuel Ramón Montes Arache.-- Los Vacilantes.-- Un Campesino.-- El Padre.-- Prostitutas.-- Un Joven Campesino.-- Abril de 1965.-- Un <br/>Soldado del Pueblo.-- El Hombre en el Puente.-- Al Otro Lado del Muro.-- El Asalto al Palacio Nacional.-- Illio Capuci. y los Otros.-- La Insurrección y sus Comienzos.-- Ese muchacho Terrible.-- La Amenaza del Exterminio.-- Interrogatorio al Sargento Luis A. Dalmasí M.-- Veinte Años Después.-- Apédice.
590 ## - NOTA LOCAL (RLIN)
Nota local Inventariado 2023 / MF
700 1# - PUNTO DE ACCESO ADICIONAL--NOMBRE DE PERSONA
Nombre de persona Rodríguez, Apolinar Javier,
Término indicativo de función/relación fotomecánica
9 (RLIN) 83834
942 ## - ELEMENTOS DE PUNTO DE ACCESO ADICIONAL (KOHA)
Fuente del sistema de clasificación o colocación Dewey Decimal Classification
Tipo de ítem Koha Libro
Holdings
Estado de retiro Estado de pérdida Fuente del sistema de clasificación o colocación Restricciones de uso No para préstamo Código de colección Localización permanente Ubicación/localización actual Ubicación en estantería Fecha de adquisición Fuente de adquisición Total de préstamos Signatura topográfica completa Código de barras Fecha visto por última vez Precio válido a partir de Tipo de ítem Koha
    Dewey Decimal Classification Excluido de préstamo   Patrimonio Dominicano Biblioteca Nacional Pedro Henríquez Ureña Biblioteca Nacional Pedro Henríquez Ureña En catalogación 11.03.2014 Donado por Mario Ortíz   F385g 2023-5066 31.07.2023 31.07.2023 Libro

Powered by Koha